César du meilleur réalisateur - Statistiques

Statistiques générales
  • Ce quiz a été pris 456 fois
    191 depuis la dernière actualisation
  • Le résultat moyen est 30 sur 49
Statistiques - réponses
Année Film Réponse % Correct
1980 Tess Roman Polanski
95%
2003 Le Pianiste Roman Polanski
95%
2011 The Ghost Writer Roman Polanski
95%
2014 La Vénus à la fourrure Roman Polanski
95%
2020 J'Accuse Roman Polanski
95%
2018 Au revoir là-haut Albert Dupontel
90%
2021 Adieu Les Cons Albert Dupontel
90%
1998 le Cinquième Élément Luc Besson
90%
2012 The Artist Michel Hazanavicius
87%
2006 De battre mon cœur s'est arrêté Jacques Audiard
84%
2010 Un prophète Jacques Audiard
84%
2019 Les Frères Sisters Jacques Audiard
84%
2002 Le Fabuleux Destin d'Amélie Poulain Jean-Pierre Jeunet
78%
1982 La Guerre du feu Jean-Jacques Annaud
75%
1989 L'Ours Jean-Jacques Annaud
75%
2013 Amour Michael Haneke
75%
1981 Le Dernier Métro François Truffaut
74%
2007 Ne le dis à personne Guillaume Canet
74%
2017 Juste la fin du monde Xavier Dolan
66%
2005 L'Esquive Abdellatif Kechiche
64%
2008 La Graine et le Mulet Abdellatif Kechiche
64%
1978 Providence Alain Resnais
62%
1994 Smoking/No smoking Alain Resnais
62%
1990 Trop belle pour toi Bertrand Blier
61%
2022 Annette Leos Carax
60%
1985 Les Ripoux Claude Zidi
58%
1988 Au revoir les enfants Louis Malle
58%
1976 Que la fête commence... Bertrand Tavernier
57%
Capitaine Conan Bertrand Tavernier
57%
1997 (ex-æquo) Ridicule Patrice Leconte
53%
2001 Harry, un ami qui vous veut du bien Dominik Moll
51%
2023 La Nuit du 12 Dominik Moll
51%
1991 Cyrano de Bergerac Jean-Paul Rappeneau
50%
2016 Trois souvenirs de ma jeunesse Arnaud Desplechin
44%
1993 Un cœur en hiver Claude Sautet
44%
1996 Nelly et Monsieur Arnaud Claude Sautet
44%
1995 Les Roseaux sauvages André Téchiné
42%
2004 Les Invasions barbares Denys Arcand
41%
2000 Vénus Beauté (Institut) Tonie Marshall
40%
1977 Monsieur Klein Joseph Losey
38%
1992 Tous les matins du monde Alain Corneau
33%
1983 Danton Andrzej Wajda
33%
1999 Ceux qui m'aiment prendront le train Patrice Chéreau
33%
1984 Le Bal Ettore Scola
31%
2009 L'Instinct de mort et L'Ennemi public n° 1 Jean-François Richet
31%
2015 Timbuktu Abderrahmane Sissako
28%
1987 Thérèse Alain Cavalier
28%
1979 L'Argent des autres Christian de Chalonge
24%
1986 Péril en la demeure Michel Deville
20%
Aucun quiz correspondant
Distribution des résultats
% des personnes avec chaque résultat
Percentile par nombre de réponses
Votre historique - résultats
Vous n’avez pas pris ce quiz depuis la dernière actualisation